Statistical process control / (Record no. 2038)

MARC details
000 -LEADER
fixed length control field 01143cam a22003134a 4500
001 - CONTROL NUMBER
control field 4994724
003 - CONTROL NUMBER IDENTIFIER
control field OSt
005 - DATE AND TIME OF LATEST TRANSACTION
control field 20150612172242.0
008 - FIXED-LENGTH DATA ELEMENTS--GENERAL INFORMATION
fixed length control field 990310s1999 enka b 001 0 eng
010 ## - LIBRARY OF CONGRESS CONTROL NUMBER
LC control number 99020872
020 ## - INTERNATIONAL STANDARD BOOK NUMBER
International Standard Book Number 0750644397 (pbk.)
035 ## - SYSTEM CONTROL NUMBER
System control number (DLC) 99020872
040 ## - CATALOGING SOURCE
Original cataloging agency DLC
Transcribing agency DLC
Modifying agency DLC
042 ## - AUTHENTICATION CODE
Authentication code pcc
050 00 - LIBRARY OF CONGRESS CALL NUMBER
Classification number TS156.8
Item number .O23 1999
082 00 - DEWEY DECIMAL CLASSIFICATION NUMBER
Classification number 658.5 OAK 1999
Edition number 21
100 1# - MAIN ENTRY--PERSONAL NAME
Personal name Oakland, John S.
9 (RLIN) 5287
245 10 - TITLE STATEMENT
Title Statistical process control /
Statement of responsibility, etc. John S. Oakland.
250 ## - EDITION STATEMENT
Edition statement 4th ed.
260 ## - PUBLICATION, DISTRIBUTION, ETC. (IMPRINT)
Place of publication, distribution, etc. Oxford, [England] ;
-- Boston :
Name of publisher, distributor, etc. Butterworth-Heinemann,
Date of publication, distribution, etc. 1999.
300 ## - PHYSICAL DESCRIPTION
Extent xiii, 425 p. :
Other physical details ill. ;
Dimensions 24 cm.
504 ## - BIBLIOGRAPHY, ETC. NOTE
Bibliography, etc Includes bibliographical refreences.
650 #0 - SUBJECT ADDED ENTRY--TOPICAL TERM
Topical term or geographic name as entry element Process control
General subdivision Statistical methods.
9 (RLIN) 5288
856 41 - ELECTRONIC LOCATION AND ACCESS
Materials specified Table of contents
Uniform Resource Identifier http://www.loc.gov/catdir/toc/els033/99020872.html
856 42 - ELECTRONIC LOCATION AND ACCESS
Materials specified Publisher description
Uniform Resource Identifier http://www.loc.gov/catdir/description/els033/99020872.html
906 ## - LOCAL DATA ELEMENT F, LDF (RLIN)
a 7
b cbc
c orignew
d 1
e ocip
f 19
g y-gencatlg
942 ## - ADDED ENTRY ELEMENTS (KOHA)
Source of classification or shelving scheme Other/Generic Classification Scheme
Koha item type Short Loan
Holdings
Withdrawn status Lost status Source of classification or shelving scheme Damaged status Not for loan Home library Current library Date acquired Source of acquisition Inventory number Total Checkouts Full call number Barcode Date last seen Price effective from Koha item type Copy number
    Other/Generic Classification Scheme     MUST Main Library MUST Main Library 12/06/2015   2002/17739   658.5 OAK 1999 2015-1866 12/06/2015 12/06/2015 Short Loan  
    Dewey Decimal Classification     MUST Main Library MUST Main Library 13/09/2024 Donation 2001/15564   658.5 OAK 1999 2024-22358 13/09/2024 13/09/2024 Open Shelf 2024-22358